| 000 | 00476nam a2200181Ia 4500 | ||
|---|---|---|---|
| 008 | 090124s9999 xx 000 0 und d | ||
| 082 | _b6403 | ||
| 100 | _aWHITNEY THOMAS | ||
| 245 | _aTHE GULAG ARCHIPELAGO 1919-1956 | ||
| 250 | _a1 | ||
| 260 |
_bCOLLINS AND HARVILL PRESS _c1974 |
||
| 300 | _a660 | ||
| 600 | _aWHITNEY THOMAS | ||
| 630 | _aTHE GULAG ARCHIPELAGO 1919-1956 | ||
| 700 | _aWHITNEY THOMAS | ||
| 730 | _aTHE GULAG ARCHIPELAGO 1919-1956 | ||
| 942 | _cBOOK | ||
| 999 |
_c84701 _d84701 |
||